000 00269nam a22001337a 4500
003 SGT
082 _a610
_bS20T
100 _aTJOMSLAND, NINA
245 _aSAVING MORE LIVES- TOGETHER
260 _bLAERDAL
_c2020
300 _a123
650 _aOTHER
942 _2ddc
_cBK
999 _c19635
_d19635